00449nam a2200169Ia 4500003000400000005001700004008004100021020001400062040000700076041000800083082001300091100003600104245006800140260004500208300001200253365001400265OSt20230505100325.0210423s1996 xx 000 0 und d a911910131 cAL aeng a540 ONEM aONEIL (Maryadele J);others, Ed. aMerck index: an encyclopedia of chemical drugs and biologicals. aNew JersybOxford University Pressc1996 axvibHB b3042cINR